अवतारों की श्रेष्ठ कहानिया/ (Record no. 198999)
[ view plain ]
| 000 -LEADER | |
|---|---|
| fixed length control field | 00756nam a22001817a 4500 |
| 005 - DATE AND TIME OF LATEST TRANSACTION | |
| control field | 20231116103850.0 |
| 010 ## - LCCN (DPL NO) | |
| LC control number | HIN-126274 |
| 020 ## - INTERNATIONAL STANDARD BOOK NUMBER | |
| International Standard Book Number | 9788195518579 |
| Terms of availability | 300.00 |
| 035 ## - SYSTEM CONTROL NUMBER | |
| System control number | HN-98620 |
| 037 ## - SOURCE OF ACQUISITION | |
| Source of stock number/acquisition | DBAD/PUB |
| 082 ## - DEWEY DECIMAL CLASSIFICATION NUMBER | |
| Classification number | क |
| 100 ## - MAIN ENTRY--PERSONAL NAME | |
| Personal name | भारद्वाज,महेश |
| 245 ## - TITLE STATEMENT | |
| Title | अवतारों की श्रेष्ठ कहानिया/ |
| Statement of responsibility, etc | महेश भारद्वाज |
| 260 ## - PUBLICATION, DISTRIBUTION, ETC. (IMPRINT) | |
| Place of publication, distribution, etc | नई दिल्ली |
| Name of publisher, distributor, etc | सुनील साहित्य सदन |
| Date of publication, distribution, etc | 2022 |
| 270 ## - ADDRESS | |
| Address | 3320 - 21 , जटवाडा , दरियागंज |
| City | नई दिल्ली |
| Postal code | 110002 |
| 300 ## - PHYSICAL DESCRIPTION | |
| Extent | 120 पृष्ठ |
| Dimensions | 23cm (सजिल्द) |
| 942 ## - ADDED ENTRY ELEMENTS (KOHA) | |
| Item type | Hindi Books |
| Classification part | क |
| Source of classification or shelving scheme | Dewey Decimal Classification |
| Call number suffix | भारद्वा |
| Withdrawn status | Lost status | Not for loan | Collection code | Home library | Current library | Date acquired | Source of acquisition | Cost, normal purchase price | Full call number | Barcode | Copy number | Cost, replacement price | Koha item type |
|---|---|---|---|---|---|---|---|---|---|---|---|---|---|
| Fiction | Bawana | Bawana | 07/11/2023 | DBAD/PUB | 300.00 | क भारद्वा | HN-98620 | 1 | 300.00 | Hindi Books |
